| Поле | Инд. | ПП | Название | Значение |
|---|---|---|---|---|
| Тип записи | a | |||
| Библиографический уровень | i | |||
| 001 | Контрольный номер | UNIDUBNA97d6f763af5d4cdc8f349ceff8ebbd57 | ||
| 005 | Дата корректировки | 20260313121516.6 | ||
| 040 | b | Код языка каталог. | rus | |
| 041 | 0_ | a | Код языка текста | rus |
| 090 | a | Полочн. индекс | Внешний ресурс | |
| 245 | 10 | a | Заглавие | Cobalt |
| b | Продолж. заглавия | [научно-поисковая система] | ||
| c | Ответственность | ООО «Платформа Колаб» | ||
| 257 | a | Страна производителя архивных фильмов | российский | |
| 260 | c | Дата издания | 2021 - | |
| a | Место издания | Москва | ||
| 336 | a | Термин вида содержания | Электронные данные | |
| 353 | a | статьи | ||
| 353 | a | журналы | ||
| 353 | a | главы книг | ||
| 353 | a | книги | ||
| 353 | a | диссертации | ||
| 353 | a | наборы данных | ||
| 353 | a | библиометрические данные | ||
| 380 | a | информационно-поисковая система | ||
| 380 | a | информационно-аналитическая система | ||
| 500 | a | Примечание | Часть платформы Colab | |
| 520 | 0_ | a | Аннотация | Поисковая система Cobalt на отечественной платформе CoLab, созданной для консолидации науки и научной коммуникации в России, обеспечения доступа к информации о деятельности российских учёных, лабораторий и научных организаций. На старте предлагается выбор тематических категорий для поиска (области физики, химии, информатики, биофизики). Поиск по авторам и названиям на основе собственной базы метаданных (около 130 млн. публикаций и 1.5 млрд. цитирований), которые агрегируются из Crossref, ORCID, ROR, OpenAlex, Semantic Scholar и других ресурсов, которые не запрещают подобный сбор информации. Полученные данные структурируются при помощи собственных алгоритмов распознавания текста и категоризации, выстраиваются связи между авторами и организациями на платформе и между публикациями, цитирующими друг друга. Ряд фильтров для сужения поиска. Обработанные данные публикаций используются для расчётов публикационной статистики авторов и организаций. На платформе Colab - поиск журналов, ученых, организаций и лабораторий, новостей и событий науки, объявлений. В профилях пользователей реализована автоматическая подгрузка публикаций и подробная статистика по ним, доступна выгрузка информации о публикациях |
| 540 | a | Правовые условия | Бесплатный доступ | |
| b | Поставщик/Провайдер | ООО «Платформа Колаб» | ||
| 650 | 04 | a | Основная рубрика | астрономия |
| a | Основная рубрика | биология | ||
| a | Основная рубрика | геофизика | ||
| a | Основная рубрика | естествознание | ||
| a | Основная рубрика | информатика | ||
| a | Основная рубрика | информационные технологии | ||
| a | Основная рубрика | математика | ||
| a | Основная рубрика | материаловедение | ||
| a | Основная рубрика | методология науки | ||
| a | Основная рубрика | науки о Земле | ||
| a | Основная рубрика | психология | ||
| a | Основная рубрика | социальные науки (общественные науки) | ||
| a | Основная рубрика | техника | ||
| a | Основная рубрика | технология | ||
| a | Основная рубрика | физика | ||
| a | Основная рубрика | химия | ||
| 653 | 0_ | a | Ключевые слова | научные сообщества |
| 856 | 40 | u | URL | https://cobalt.colab.ws/ |
| a | Имя сервера/домена | Cobalt | ||
| d | Путь | https://colab.ws/ | ||
| i | Указания/сценарий входа | Бесплатный доступ с регистрацией | ||
| 856 | 40 | a | Имя сервера/домена | О платформе Colab |
| u | URL | https://colab.ws/faq | ||
| 900 | a | Имя электронного ресурса | obl_cobalt | |
| x | Справочная информация | Обложка | ||
| 901 | t | Тип документа | 0 |